3-Letter Scrabble Words that start with "I" - Statistics

General Stats
  • This quiz has been taken 416 times
  • The average score is 13 of 20
Answer Stats
Answer % Correct
ill
90%
ice
88%
ire
86%
inn
79%
its
77%
imp
68%
ink
67%
ion
67%
ins
65%
ilk
64%
ick
62%
ich
61%
irk
60%
ifs
58%
icy
57%
ids
54%
ivy
51%
iff
46%
igg
32%
ism
32%
No matching quizzes found
Score Distribution
Percent of People with Each Score
Percentile by Number Answered
Your Score History
You have not taken this quiz